Rosario Acuña: (Record no. 197782)

MARC details
000 -LEADER
campo de control de longitud fija 00780nam a22002174a 4500
001 - NÚMERO DE CONTROL
campo de control 197782
005 - FECHA Y HORA DE LA ÚLTIMA TRANSACCIÓN
campo de control 20250803063114.0
008 - DATOS DE LONGITUD FIJA--INFORMACIÓN GENERAL
campo de control de longitud fija 241202b2024 sp ||||| |||| 00| 0 spa d
040 ## - FUENTE DE CATALOGACIÓN
Lengua de catalogación spa
Centro/agencia transcriptor ES-MaACL
100 1# - ENTRADA PRINCIPAL--NOMBRE DE PERSONA
9 (RLIN) 64577
Nombre de persona Huertas Vázquez, Eduardo
245 ## - MENCIÓN DEL TÍTULO
Título Rosario Acuña:
Resto del título "heroína del librepensamiento y de la república" Anticlerical y Feminista
336 ## - TIPO DE CONTENIDO
Fuente rdacontent
Término de tipo de contenido texto
337 ## - TIPO DE MEDIO
Fuente rdamedia
Nombre/término del tipo de medio sin mediación
338 ## - TIPO DE SOPORTE
Fuente rdacarrier
Nombre/término del tipo de soporte volumen
500 ## - NOTA GENERAL
Nota general Registro Provisional. FOLL-DJ-8. Depósito J
852 ## - LOCALIZACIÓN
Ubicación ES-MaACL
Ubicación en estantería Depósito J
Número de control de estantería FOLL-DJ-8
Encuadernación Encuadernación Rustica
Nota libre En Proceso
942 ## - ELEMENTOS DE ENTRADA SECUNDARIOS (KOHA)
Fuente del sistema de clasificación o colocación Clasificación decimal universal
Tipo de ítem Koha Folleto
Suprimir en OPAC No

No items available.